Представление документа в формате RUSMARC

ПолеНазваниеЗначение
  Тип записи a
  Библиографический уровень m
001 Контрольный номер RU/ГПНТБ России/KNIGADB/72.3/Л 55-862973898
005 Дата корректировки 20260622092928.2
010 Индекс ISBN __
a ISBN 978-5-00139-305-4
b Уточнения в пер.
010 Индекс ISBN __
a ISBN 978-5-00139-359-7
b Уточнения сер.
9 Тираж 3000 экз.
100 Данные общей обработки __
a Данные общей обработки 20260619d2022 ma y0rusy028902 ca
101 Язык документа 1_
a Язык текста rus
c Язык оригинала eng
102 Страна публикации __
a Страна публикации RU
105 Кодированные данные (монография) __
a Кодированные данные (монография) ychfz 001yb
181 Поле кодированных данных: вид содержания _0
a Код вида содержания (ISBD) i
182 Поле кодированных данных: тип средства _0
a Код типа средства (ISBD) n
200 Заглавие и сведения об ответственности 1_
a Заглавие Галилей и отрицатели науки
f Первые сведения об ответственности Марио Ливио
g Последующие сведения об ответственности перевод с английского Н. Колпаковой
g Последующие сведения об ответственности научный редактор Игорь Сергеевич Дмитриев
203 Вид содержания и тип средства __
c Тип средства непосредственный
a Вид содержания Текст
210 Выходные данные 1_
a Место издания Москва
c Издательство Альпина нон-фикшн
d Дата издания 2022
215 Физическое описание __
a Объем 331 с., [4] л. ил.
d Формат 22 см
c Иллюстрации/тип воспроизводства ил., цв. ил., фот., фот. цв., факс., портр.
225 Серия 2_
a Серия Книги Политеха
225 Серия 2_
a Серия Книги Политеха
e Сведения, относящиеся к заглавию серии идеи и технологии
320 Библиография __
a Библиография Библиография в примечаниях: с. 281-294 и с. 295-308
320 Библиография __
a Библиография Предметно-именной указатель: с. 325-331
330 Аннотация __
a Аннотация Марио Ливио, рассказывая о судьбе Галилея, показывает, что история повторяется: современные ученые могут столкнуться с тем, что чуть не погубило ученого эпохи Возрождения, - с игнорированием, а порой даже с отрицанием результатов, полученных в ходе научных наблюдений и экспериментов. Живое изложение фактов о судьбе Галилея сочетается с размышлениями о положении науки и ученых в современном мире. Для всех, кто интересуется историей науки, и для тех, кто непосредственно занимается наукой и хочет добиться успеха на этом поприще.
333 Примечание о целевом назначении __
a Примечание о целевом назначении 12+. Для детей старше 12 лет
454 Оригинал _0
1 2001
a Galileo and the science deniers
f Mario Livio
1 700 1
a Livio
g Mario
b M.
600 Персоналии _1
a Персоналии (Фамилия) Галилей
b Персоналии (Имя) Г.
g Полное имя Галилео
f Даты 1564-1642
2 Код системы nlr_sh
606 Тематические рубрики __
a Основная рубрика Наука. Науковедение
y Географическая подрубрика Италия
z Хронологическая подрубрика 16 в.
z Хронологическая подрубрика 17 в.
2 Код системы nlr_sh
606 Тематические рубрики __
a Основная рубрика История науки
2 Код системы nlr_sh
610 Ключевые слова 0_
a Ключевые слова история науки
610 Ключевые слова 0_
a Ключевые слова персоналии
610 Ключевые слова 0_
a Ключевые слова биографии
610 Ключевые слова 0_
a Ключевые слова популяризация науки
610 Ключевые слова 0_
a Ключевые слова нон-фикшн
610 Ключевые слова 0_
a Ключевые слова мыслители
610 Ключевые слова 0_
a Ключевые слова популярная наука
610 Ключевые слова 0_
a Ключевые слова биографии ученых
610 Ключевые слова 0_
a Ключевые слова ученые
610 Ключевые слова 0_
a Ключевые слова зарубежные ученые
610 Ключевые слова 0_
a Ключевые слова биографическая литература
610 Ключевые слова 0_
a Ключевые слова биографические данные
610 Ключевые слова 0_
a Ключевые слова биографические данные
610 Ключевые слова 0_
a Ключевые слова исторические сведения
610 Ключевые слова 0_
a Ключевые слова занимательные факты
610 Ключевые слова 0_
a Ключевые слова астрономы
610 Ключевые слова 0_
a Ключевые слова философы
610 Ключевые слова 0_
a Ключевые слова научные открытия
610 Ключевые слова 0_
a Ключевые слова средневековье
610 Ключевые слова 0_
a Ключевые слова физики
610 Ключевые слова 0_
a Ключевые слова механики
610 Ключевые слова 0_
a Ключевые слова итальянские ученые
686 Индексы других классификаций __
2 Код системы rubbks
a Классификационный индекс 72.3д; ст72.3д
700 Автор _1
a Фамилия Ливио
b Имя М.
g Полное личное имя Марио
f Даты 1945-
4 Код отношения 070
702 Вторичная интеллектуальная ответственность _1
a Фамилия Колпакова
b Имя Н. В.
g Полное личное имя Наталья Владимировна
4 Код отношения 730
f Даты 1972-
702 Вторичная интеллектуальная ответственность _1
a Фамилия Дмитриев
b Имя И. С.
f Даты 1948-
g Полное личное имя Игорь Сергеевич
4 Код отношения 340
4 Код отношения 212
801 Источник записи _0
b Организация ГПНТБ России
a Страна RU
c Дата составления 20260619
g Правила каталогизации PSBO
801 Источник записи _1
b Организация ГПНТБ России
a Страна RU
c Дата составления 20260619
g Правила каталогизации PSBO
852 Данные о местонахождении 5_
j Шифр хранения 72.3д
i Авторский знак Л 55
901 Тип документа __
a Ответственный ООФиК/Губина
t Тип документа m
901 Тип документа __
a Ответственный без партии
903 Характеристики (МАРС) __
a Дата передачи 20260619
c Наименование библиотеки (МАРС) Муниципальное бюджетное учреждение культуры "Централизованная библиотечная система" г. Сургут (Центральная городская библиотека им. А. С. Пушкина)
969 Тип издания __
a Тип издания Ф 26
a Тип издания научно-популярное издание
a Тип издания историческая литература